00698 a2200193 450000100060000002000150000604000220002110000230004324000270006624500220009330000060011536200090012165000230013094200070015395201130016095201130027395201010038699900170048757470 a8572082573 cAnchieta - Pituba aJunqueira, Sônia10aA ilha dos amoreslpor10aA ilha dos amores a 0 a1999 4aLiteratura juvenil cBK 00104070a91.1b91.1d2023-11-21l0oLJ 028.5 R696i ROD ILHp7566/PITr2023-11-21 18:25:10w2023-11-21yBK 00104070a91.1b91.1d2023-11-21l0oLJ 028.5 R696i ROD ILHp7567/PITr2023-11-21 18:25:10w2023-11-21yBK 00102ddc4070a57.2b57.2d2024-07-12l0pfm228r2024-07-12 15:57:06w2024-07-12yBKzFD2/EMu c57470d57470